000 01324 a2200217 4500
001 38048
005 20260407155646.0
008 260407a1974 arg spa d
003 AR-UNSa-BCEJYS
040 _aAR-UNSa-BCEJYS
_bspa
_cAR-UNSa-BCEJYS
080 _a911.3:33(82)
_xGeografía económica argentina
245 1 0 _aLa Argentina
_pgeografía humana y económica
250 _a4a. ed
264 1 _aBuenos Aires :
_bERGON
_c1974
300 _a521 p.
_c24 cm.
505 _a1. Introducción - 2. El territorio argentino - 3. Recursos humanos - 4. Factores naturales - 5. Rasgos generales de la realidad económica argentina - 6. Factores de la producción agropecuaria - 7. Zonas agropecuarias - 8. Evolución de la agricultura - 9. Cereales - 10. Cultivos industriales - 11. Frutas, hortalizas, legumbres y plantas forrajeras - 12. Evolución de la ganaderia - 13. Regiones y razas ganaderas - 14. Producción ganadera y de animales de granja - 15. Pesca y caza - 16. Explotación forestal - 17. Minería - 18. Industria - 19. Fuentes de producción de energía - 20. Métodos de transporte y comunicaciones - 21. Comercio interior y exterior - 22. La argentina en el mundo - 23. Las islas malvinas -
041 _aspa
942 _cBK
590 _aniveau_biblio:m niveau_hierar:0
100 1 _aCarlevari, Isidro J.F.
999 _c2845
_d2845